|
|
|
|
| LEADER |
02158nam a22004455i 4500 |
| 001 |
978-0-387-26758-6 |
| 003 |
DE-He213 |
| 005 |
20151204164816.0 |
| 007 |
cr nn 008mamaa |
| 008 |
100301s2006 xxu| s |||| 0|eng d |
| 020 |
|
|
|a 9780387267586
|9 978-0-387-26758-6
|
| 024 |
7 |
|
|a 10.1007/b137937
|2 doi
|
| 040 |
|
|
|d GrThAP
|
| 050 |
|
4 |
|a QP351-495
|
| 050 |
|
4 |
|a QP360-360.7
|
| 072 |
|
7 |
|a JMM
|2 bicssc
|
| 072 |
|
7 |
|a PSY020000
|2 bisacsh
|
| 082 |
0 |
4 |
|a 612.8
|2 23
|
| 245 |
1 |
0 |
|a Practitioner’s Guide to Symptom Base Rates in the General Population
|h [electronic resource] /
|c edited by Robert J. McCaffrey, Lyndsey Bauer, Anjali A. Palav, Sid E. O’Bryant.
|
| 264 |
|
1 |
|a New York, NY :
|b Springer New York,
|c 2006.
|
| 300 |
|
|
|a VII, 236 p.
|b online resource.
|
| 336 |
|
|
|a text
|b txt
|2 rdacontent
|
| 337 |
|
|
|a computer
|b c
|2 rdamedia
|
| 338 |
|
|
|a online resource
|b cr
|2 rdacarrier
|
| 347 |
|
|
|a text file
|b PDF
|2 rda
|
| 505 |
0 |
|
|a A Brief Overview of Base Rates -- Control Groups: Adult Control Groups -- College students -- Combat veterans -- Community members -- Family practice -- General practice patients -- Internal medicine -- Litigants -- Medical and Dental students -- Neurology -- Nonsmokers -- Normal -- Occupational -- Psychiatric adults -- Child and Adolescent Control Groups -- Clinic referred children -- Delinquents -- Elementary school children -- High school students -- Psychiatric referred children -- Secondary school students -- Special Education students -- Elderly Control Groups -- Alzheimer’s disease spouses -- Frail elderly -- Nursing home -- References -- Symptom Index.
|
| 650 |
|
0 |
|a Psychology.
|
| 650 |
|
0 |
|a Neuropsychology.
|
| 650 |
1 |
4 |
|a Psychology.
|
| 650 |
2 |
4 |
|a Neuropsychology.
|
| 700 |
1 |
|
|a McCaffrey, Robert J.
|e editor.
|
| 700 |
1 |
|
|a Bauer, Lyndsey.
|e editor.
|
| 700 |
1 |
|
|a Palav, Anjali A.
|e editor.
|
| 700 |
1 |
|
|a O’Bryant, Sid E.
|e editor.
|
| 710 |
2 |
|
|a SpringerLink (Online service)
|
| 773 |
0 |
|
|t Springer eBooks
|
| 776 |
0 |
8 |
|i Printed edition:
|z 9780387267579
|
| 856 |
4 |
0 |
|u http://dx.doi.org/10.1007/b137937
|z Full Text via HEAL-Link
|
| 912 |
|
|
|a ZDB-2-BHS
|
| 950 |
|
|
|a Behavioral Science (Springer-11640)
|